| 000 | 00585nam a2200205 a 4500 | ||
|---|---|---|---|
| 999 |
_c1443 _d1443 |
||
| 008 | 200102r2009 ii a|||g |||| 00| 0 eng d | ||
| 020 | _cRs. 225.00 | ||
| 040 |
_aKO _beng |
||
| 041 | 0 | _aeng | |
| 044 | _aii | ||
| 082 | 0 | 4 |
_223 _a623.888 _bT151 |
| 100 | 1 | _aTambwekar, A. S. | |
| 245 | 1 | 0 |
_aSafety of ships and marine environment protection / _cA. S. Tambwekar |
| 250 | _a2nd ed. | ||
| 260 |
_aMumbai : _bThe Insistute of Marine Engineers(India), _c2009. |
||
| 300 |
_aIX., 165 p. : _bill.; _c22 cm |
||
| 650 | 0 |
_aMarine pollution _xPrevention _vTextbooks |
|
| 942 | _cBK | ||